[Event "HUN-chT2 Szechenyi 1718"]
[Site "Hungary"]
[Date "2018.05.06"]
[Round "9.2"]
[White "Ezsol, Miklos"]
[Black "Szep, Milan"]
[Result "1-0"]
[WhiteElo "2368"]
[BlackElo "2011"]
[PlyCount "105"]
[EventDate "2017.10.29"]
[EventType "team-tourn"]
[EventRounds "9"]
[EventCountry "HUN"]
[SourceTitle "EXT 2021"]
[Source "ChessBase"]
[SourceDate "2020.10.23"]
[SourceVersion "1"]
[SourceVersionDate "2020.10.23"]
[SourceQuality "1"]
[WhiteTeam "Gyor Elektromos"]
[BlackTeam "Sarvar"]
[WhiteTeamCountry "HUN"]
[BlackTeamCountry "HUN"]

1. d4 d5 2. c4 e6 3. Nc3 Bb4 4. Nf3 Nf6 5. Bg5 h6 6. Bxf6 Qxf6 7. e3 0-0 8. Rc1 Rd8 9. c5 b6 10. a3 Bxc3+ 11. Rxc3 c6 12. Ne5 Bb7 13. f4 bxc5 14. Rxc5 Nd7 15. Nxd7 Rxd7 16. Bd3 Qe7 17. 0-0 f6 18. Qh5 f5 19. Rfc1 Kh7 20. Qe2 Rg8 21. Ra5 Ba8 22. Bc2 g5 23. Qf2 gxf4 24. exf4 Qf6 25. Bd1 Rdg7 26. Bf3 Rb8 27. b4 Rb5 28. Rc5 Rb6 29. Be2 Re7 30. Rc3 Rg7 31. Rc1 Rb8 32. Bf1 Re7 33. Re1 Rc8 34. Re5 Rcc7 35. Qe3 Kg7 36. Rc5 Kf7 37. Qc3 Rcd7 38. Be2 Qh4 39. g3 Qh3 40. Qf3 Kf6 41. Bf1 Qg4 42. Qxg4 fxg4 43. Be2 Rg7 44. Rh5 Rg6 45. Bd3 Rgg7 46. Rxh6+ Ke7 47. Be2 Kd6 48. Rh4 a5 49. Rxg4 Rxg4 50. Bxg4 axb4 51. axb4 Ra7 52. Ra5 Rxa5 53. bxa5 1-0

[Event "HUN-chT2 Szechenyi 1718"]
[Site "Hungary"]
[Date "2017.10.29"]
[Round "1.2"]
[White "Borhy, Marcell Boldizsar"]
[Black "Ezsol, Miklos"]
[Result "1/2-1/2"]
[WhiteElo "2178"]
[BlackElo "2368"]
[PlyCount "73"]
[EventDate "2017.10.29"]
[EventType "team-tourn"]
[EventRounds "9"]
[EventCountry "HUN"]
[SourceTitle "EXT 2021"]
[Source "ChessBase"]
[SourceDate "2020.10.23"]
[SourceVersion "1"]
[SourceVersionDate "2020.10.23"]
[SourceQuality "1"]
[WhiteTeam "Haladas Szombathely III"]
[BlackTeam "Gyor Elektromos"]
[WhiteTeamCountry "HUN"]
[BlackTeamCountry "HUN"]

1. d4 d5 2. c4 e6 3. Nf3 c6 4. Qc2 Nf6 5. Nbd2 Nbd7 6. g3 Bd6 7. Bg2 0-0 8. 0-0 Qe7 9. e4 dxe4 10. Nxe4 Nxe4 11. Qxe4 e5 12. dxe5 Nxe5 13. Bd2 Nxf3+ 14. Qxf3 Be6 15. b3 Be5 16. Bc3 Bxc3 17. Qxc3 Qa3 18. Bf3 a5 19. Rad1 Rfd8 20. Qc2 Re8 21. Kg2 Qc5 22. Rd2 g6 23. Rfd1 a4 24. h4 Qb4 25. Qb2 Qf8 26. Qf6 Qg7 27. Qf4 h5 28. g4 axb3 29. axb3 hxg4 30. Bxg4 Qh7 31. Qg5 Bxg4 32. Qxg4 Re5 33. Rd7 Rf5 34. R1d3 b5 35. Rf3 bxc4 36. bxc4 Raa5 37. Rd6 1/2-1/2

[Event "HUN-chT2 Szechenyi 1516"]
[Site "Hungary"]
[Date "2015.12.06"]
[Round "6.2"]
[White "Ezsol, Miklos"]
[Black "Odor, Istvan"]
[Result "1-0"]
[WhiteElo "2380"]
[BlackElo "2100"]
[PlyCount "71"]
[EventDate "2015.09.13"]
[EventType "team-tourn"]
[EventRounds "11"]
[EventCountry "HUN"]
[SourceTitle "CBM 170 Extra"]
[Source "ChessBase"]
[SourceDate "2016.02.25"]
[SourceVersion "1"]
[SourceVersionDate "2016.02.25"]
[SourceQuality "1"]
[WhiteTeam "Gyor Elektromos"]
[BlackTeam "Sarvar"]
[WhiteTeamCountry "HUN"]
[BlackTeamCountry "HUN"]

1. d4 d5 2. c4 e6 3. Nc3 Nf6 4. Bg5 Be7 5. e3 0-0 6. cxd5 exd5 7. Bd3 c6 8. Nge2 Re8 9. Qc2 Nbd7 10. 0-0 Nf8 11. f3 h6 12. Bh4 Ne6 13. Bf2 c5 14. Qd2 cxd4 15. exd4 Bd6 16. Rac1 a6 17. Bh4 Be7 18. Bb1 g5 19. Bg3 Bd6 20. Be5 Ng7 21. f4 Ng4 22. h3 Nxe5 23. fxe5 Bxe5 24. dxe5 Rxe5 25. Nd4 Qb6 26. Kh1 Nh5 27. Qd3 f5 28. Rfe1 Nf4 29. Qd2 Qf6 30. Rxe5 Qxe5 31. Re1 Qf6 32. Qe3 Bd7 33. Qe5 Qf8 34. Nxd5 Nxd5 35. Qxd5+ Qf7 36. Nxf5 1-0

[Event "HUN-chT2 Charousek 1415"]
[Site "Hungary"]
[Date "2015.03.22"]
[Round "8"]
[White "Ezsol, Miklos"]
[Black "Gjuran, Denis"]
[Result "0-1"]
[WhiteElo "2377"]
[BlackElo "2332"]
[PlyCount "136"]
[EventDate "2014.10.12"]
[EventType "team-tourn"]
[EventRounds "9"]
[EventCountry "HUN"]
[SourceTitle "EXT 2016"]
[Source "ChessBase"]
[SourceDate "2015.10.08"]
[SourceVersion "1"]
[SourceVersionDate "2015.10.08"]
[SourceQuality "1"]
[WhiteTeam "Gyor Elektromos"]
[BlackTeam "SZASTE"]
[WhiteTeamCountry "HUN"]
[BlackTeamCountry "HUN"]

1. c4 e6 2. d4 d5 3. Nc3 Nf6 4. Bg5 Be7 5. e3 0-0 6. Qc2 h6 7. Bf4 b6 8. cxd5 Nxd5 9. Nxd5 Qxd5 10. Ne2 c5 11. Nc3 Qb7 12. dxc5 Bxc5 13. Bd3 Bd7 14. 0-0 Bc6 15. Ne4 Nd7 16. Rfd1 Rac8 17. Qe2 Bxe4 18. Ba6 Qa8 19. Rxd7 Rcd8 20. Rc7 Qd5 21. Rxa7 e5 22. Bg3 Bxg2 23. Bc4 Qe4 24. Ra4 Bf3 25. Qf1 Qf5 26. Re1 Rd2 27. b4 Bd6 28. Be2 Bc6 29. Bb5 Bd5 30. Bc4 Be4 31. Be2 Bc6 32. b5 Bd5 33. Rd1 Qc2 34. Rxd2 Qxd2 35. Qd1 Qxd1+ 36. Bxd1 Rc8 37. e4 Rc1 38. exd5 Rxd1+ 39. Kg2 Rxd5 40. Ra8+ Kh7 41. Rd8 f6 42. f3 Kg6 43. a4 Kf5 44. Bf2 Rd2 45. Kf1 Kf4 46. Ke1 Kxf3 47. Kxd2 Bb4+ 48. Kd3 Kxf2 49. Ke4 g6 50. Rg8 f5+ 51. Kxe5 Bc3+ 52. Ke6 f4 53. Rxg6 f3 54. Kd5 Ke2 55. Re6+ Kd3 56. Re8 f2 57. Rf8 Ke2 58. Re8+ Kf3 59. Rf8+ Kg2 60. Kc6 Bd4 61. Rg8+ Kf3 62. a5 bxa5 63. b6 f1Q 64. Rf8+ Ke2 65. Rxf1 Kxf1 66. b7 Be5 67. Kb5 Bxh2 68. Kxa5 h5 0-1

[Event "HUN-chT2 Charousek 1314"]
[Site "Hungary"]
[Date "2013.09.08"]
[Round "1"]
[White "Ezsol, Miklos"]
[Black "Dudas, Eszter"]
[Result "0-1"]
[WhiteElo "2367"]
[BlackElo "2269"]
[PlyCount "98"]
[EventDate "2013.09.08"]
[EventType "team-tourn"]
[EventRounds "11"]
[EventCountry "HUN"]
[SourceTitle "EXT 2016"]
[Source "ChessBase"]
[SourceDate "2015.10.08"]
[SourceVersion "1"]
[SourceVersionDate "2015.10.08"]
[SourceQuality "1"]
[WhiteTeam "Gyor Elektromos"]
[BlackTeam "Paks ASE II"]
[WhiteTeamCountry "HUN"]
[BlackTeamCountry "HUN"]

1. d4 d5 2. c4 c6 3. Nf3 Nf6 4. e3 e6 5. b3 Nbd7 6. Bd3 c5 7. 0-0 cxd4 8. exd4 b6 9. Bb2 Bb7 10. Nbd2 Be7 11. Qe2 0-0 12. Rac1 Rc8 13. Rfd1 Re8 14. Ne5 Nxe5 15. dxe5 Nd7 16. f4 g6 17. Kh1 Rc7 18. cxd5 Rxc1 19. Rxc1 Bxd5 20. Bb5 Rf8 21. Ne4 Qa8 22. Nc3 Nb8 23. Nxd5 Qxd5 24. Bc4 Qb7 25. f5 gxf5 26. Bd3 Kh8 27. Rf1 Rg8 28. Rf3 Rg6 29. h3 Nc6 30. Ba6 Qa8 31. a3 Nb8 32. Bd3 Qd5 33. Bc4 Qb7 34. Kh2 a6 35. a4 a5 36. Rc3 Bc5 37. Bb5 Qe7 38. Rd3 Rg8 39. Bc1 Qc7 40. Bb2 Nc6 41. Qf3 Nb8 42. Kh1 Rd8 43. Rxd8+ Qxd8 44. Kh2 Qd2 45. Bc3 Qc1 46. h4 Be3 47. Qb7 Bg1+ 48. Kh3 Qxc3+ 49. g3 Qd2 0-1

[Event "HUN-chT2 Breyer 1011"]
[Site "Hungary"]
[Date "2011.04.17"]
[Round "9.3"]
[White "Ezsol, Miklos"]
[Black "Torok, Adam"]
[Result "1/2-1/2"]
[WhiteElo "2351"]
[BlackElo "2117"]
[PlyCount "62"]
[EventDate "2010.09.12"]
[EventType "team-tourn"]
[EventRounds "11"]
[EventCountry "HUN"]
[SourceTitle "EXT 2012"]
[Source "ChessBase"]
[SourceDate "2011.11.24"]
[SourceVersion "1"]
[SourceVersionDate "2011.11.24"]
[SourceQuality "1"]
[WhiteTeam "Gyor Elektromos"]
[BlackTeam "Vizugy"]
[WhiteTeamCountry "HUN"]
[BlackTeamCountry "HUN"]

1. d4 d5 2. c4 e6 3. Nc3 f5 4. Nf3 Nf6 5. g3 c6 6. b3 Be7 7. Bg2 Ne4 8. Nxe4 fxe4 9. Ne5 Nd7 10. Nxd7 Bxd7 11. 0-0 0-0 12. f3 exf3 13. exf3 Qa5 14. Bd2 Qc7 15. Bf4 Rxf4 16. gxf4 Qxf4 17. Rf2 Bh4 18. Rd2 Bg5 19. Rd3 Rf8 20. Qe2 Bf6 21. Rad1 e5 22. cxd5 exd4 23. Qe4 Be5 24. Qxf4 Rxf4 25. Re1 Bd6 26. dxc6 bxc6 27. Re4 c5 28. Rxf4 Bxf4 29. Bf1 Be3+ 30. Kg2 Kf7 31. Rd1 Kf6 1/2-1/2

[Event "HUN-chT2 Breyer 1011"]
[Site "Hungary"]
[Date "2010.09.26"]
[Round "2.3"]
[White "Szabo, Janos2222"]
[Black "Ezsol, Miklos"]
[Result "0-1"]
[WhiteElo "2176"]
[BlackElo "2351"]
[PlyCount "64"]
[EventDate "2010.09.12"]
[EventType "team-tourn"]
[EventRounds "11"]
[EventCountry "HUN"]
[SourceTitle "EXT 2012"]
[Source "ChessBase"]
[SourceDate "2011.11.24"]
[SourceVersion "1"]
[SourceVersionDate "2011.11.24"]
[SourceQuality "1"]
[WhiteTeam "MAFC"]
[BlackTeam "Gyor Elektromos"]
[WhiteTeamCountry "HUN"]
[BlackTeamCountry "HUN"]

1. e4 e5 2. Nf3 Qe7 3. Nc3 c6 4. d4 d6 5. dxe5 dxe5 6. h3 h6 7. Bc4 Nf6 8. Qe2 Qc7 9. a4 Be7 10. 0-0 g5 11. Nxe5 Qxe5 12. f4 Qc7 13. fxg5 hxg5 14. Bxg5 Bxh3 15. Rxf6 Bxf6 16. Bxf6 Rh6 17. e5 Qb6+ 18. Qf2 Bf5 19. a5 Qxf2+ 20. Kxf2 Nd7 21. Bg5 Rh5 22. Bf4 Bxc2 23. Rc1 Bf5 24. Be2 Rh7 25. g4 Bg6 26. a6 bxa6 27. Bf3 Rb8 28. Bxc6 Rxb2+ 29. Kg3 Rb3 30. Bd5 Ra3 31. e6 fxe6 32. Bxe6 Nc5 0-1

[Event "HUN-chT2 Charousek 0506"]
[Site "Hungary"]
[Date "2006.02.26"]
[Round "8"]
[White "Erdelyi, Zombor"]
[Black "Ezsol, Miklos"]
[Result "1-0"]
[WhiteElo "2296"]
[BlackElo "2375"]
[PlyCount "80"]
[EventDate "2005.10.16"]
[EventType "team"]
[EventRounds "11"]
[EventCountry "HUN"]
[SourceTitle "EXT 2009"]
[Source "ChessBase"]
[SourceDate "2008.11.26"]
[SourceVersion "1"]
[SourceVersionDate "2008.11.26"]
[SourceQuality "1"]
[WhiteTeam "Husi"]
[BlackTeam "Keszthely"]
[WhiteTeamCountry "HUN"]
[BlackTeamCountry "HUN"]

1. e4 c6 2. d4 d5 3. e5 b6 4. f4 h5 5. Be3 g6 6. Nd2 Nh6 7. Ngf3 Nf5 8. Bf2 Ba6 9. Bxa6 Nxa6 10. Qe2 Nc7 11. g3 e6 12. h3 c5 13. dxc5 bxc5 14. 0-0-0 Qd7 15. Ne4 0-0-0 16. Nf6 Qa4 17. Kb1 Be7 18. Ng5 Nh6 19. c4 Qxc4 20. Qxc4 dxc4 21. Nge4 Na6 22. Rc1 Nf5 23. Rxc4 Kb7 24. Rhc1 Rd3 25. Bxc5 Bxc5 26. Rxc5 Nxg3 27. Rb5+ Ka8 28. Nd6 Ne2 29. Re1 Nd4 30. Ra5 Nb4 31. Nfe8 Nbc6 32. Rc5 Rxh3 33. Rec1 Rxe8 34. Nxe8 Kb7 35. Nd6+ Kb6 36. Nxf7 Rf3 37. Ng5 Rxf4 38. Nxe6 Re4 39. Nxd4 Nxd4 40. R5c4 h4 1-0

[Event "HUN-chT2 Charousek 0405"]
[Site "Hungary"]
[Date "2004.09.26"]
[Round "1"]
[White "Ezsol, Miklos"]
[Black "Mathe, Gaspar"]
[Result "0-1"]
[WhiteElo "2382"]
[BlackElo "2357"]
[PlyCount "186"]
[EventDate "2004.09.26"]
[EventType "team"]
[EventRounds "11"]
[EventCountry "HUN"]
[SourceTitle "EXT 2008"]
[Source "ChessBase"]
[SourceDate "2007.11.25"]
[SourceVersion "1"]
[SourceVersionDate "2007.11.25"]
[SourceQuality "1"]
[WhiteTeam "Keszthely"]
[BlackTeam "Pannonpower"]
[WhiteTeamCountry "HUN"]
[BlackTeamCountry "HUN"]

1. d4 d5 2. c4 c6 3. Nf3 Nf6 4. Nc3 e6 5. cxd5 exd5 6. Qc2 g6 7. Bg5 Bg7 8. e3 Bf5 9. Bd3 Bxd3 10. Qxd3 0-0 11. 0-0 Nbd7 12. b4 a6 13. a4 Qb6 14. Rfb1 Rfe8 15. Nd2 h6 16. Bh4 Bf8 17. a5 Qa7 18. Na4 Bd6 19. Nc5 Qb8 20. Nf1 Qc7 21. f3 Kg7 22. Re1 Nh5 23. Ra2 f5 24. Rb2 Nhf6 25. h3 h5 26. Qc3 Rab8 27. Rbe2 Kh7 28. Nxd7 Nxd7 29. e4 fxe4 30. fxe4 dxe4 31. Rxe4 Rxe4 32. Rxe4 Rf8 33. Re6 Rf7 34. g4 Nf8 35. Re4 hxg4 36. hxg4 Rf4 37. Rxf4 Bxf4 38. Bf6 Kg8 39. Be5 Qf7 40. Qc5 Nd7 41. Qd6 Bh6 42. Bg3 Bf8 43. Qc7 Nf6 44. Qb8 Nxg4 45. Nh2 Nxh2 46. Bxh2 Kh7 47. Be5 g5 48. Qd8 Bxb4 49. Qb6 Bd2 50. Qb1+ Kh6 51. Qd3 Bxa5 52. Qh3+ Kg6 53. Qa3 Be1 54. Qd6+ Kh5 55. Bg3 Bd2 56. Qe5 Qf3 57. Bf2 Qg4+ 58. Kf1 Qf4 59. Qe8+ Kh6 60. Qh8+ Kg6 61. Qg8+ Kf6 62. Qf8+ Ke6 63. Qc8+ Kd5 64. Qxb7 Qf3 65. Qxa6 Qb3 66. Qa7 Qb5+ 67. Kg2 Kc4 68. Kf3 Bf4 69. Kg2 Kb3 70. Kg1 Qc4 71. Qb6+ Kc2 72. Qa5 Qc3 73. Qa2+ Kd3 74. Qb1+ Qc2 75. Qf1+ Ke4 76. Qg2+ Kf5 77. Qh3+ Kg6 78. Qe6+ Kh7 79. Qf7+ Kh6 80. Qf8+ Kh5 81. Qe8+ Qg6 82. Qh8+ Kg4 83. Qc8+ Kf3 84. Qh3+ Ke4 85. Qg2+ Kf5 86. Qf3 g4 87. Qd3+ Kg5 88. Qc3 Qe6 89. Qd3 g3 90. Bxg3 Qg4 91. Kg2 Bxg3 92. Qxg3 Kf5 93. Qxg4+ Kxg4 0-1

[Event "HUN-chT2 Charousek 0304"]
[Site "Hungary"]
[Date "2004.04.18"]
[Round "11"]
[White "Ezsol, Miklos"]
[Black "Szabo, Krisztian"]
[Result "0-1"]
[WhiteElo "2372"]
[BlackElo "2277"]
[PlyCount "108"]
[EventDate "2003.09.28"]
[EventType "team"]
[EventRounds "11"]
[EventCountry "HUN"]
[SourceTitle "EXT 2005"]
[Source "ChessBase"]
[SourceDate "2004.11.15"]
[SourceVersion "1"]
[SourceVersionDate "2004.11.15"]
[SourceQuality "1"]

1. d4 Nf6 2. c4 e6 3. Nf3 b6 4. a3 Ba6 5. Qa4 c5 6. Bf4 Bb7 7. Nc3 Nh5 8. Be3 cxd4 9. Nxd4 Be7 10. Rg1 Qc7 11. g3 a6 12. Bg2 Bxg2 13. Rxg2 0-0 14. Rc1 f5 15. Nf3 Bc5 16. Bd2 Qb7 17. b4 Be7 18. Rg1 Nc6 19. Qb3 b5 20. g4 fxg4 21. Rxg4 Ne5 22. Re4 Nxf3+ 23. exf3 Rxf3 24. Be3 bxc4 25. Rxc4 Raf8 26. Nd1 Nf4 27. Rc7 Qb5 28. R1c4 Qd5 29. Rc3 Ng2+ 30. Ke2 Qh5 31. Kd2 Nxe3 32. fxe3 Qxh2+ 33. Kc1 Qd6 34. R7c4 Bg5 35. Rd3 Qe5 36. Qc3 Qxc3+ 37. Rcxc3 h5 38. Rxd7 h4 39. Rcc7 Bf6 40. Rc5 e5 41. Rd2 h3 42. Rh2 Bh4 43. Rc4 g5 44. Kd2 Kg7 45. Ke2 Kg6 46. a4 Kh5 47. b5 axb5 48. axb5 g4 49. b6 R3f6 50. Rb4 Rb8 51. Nf2 Bxf2 52. Rxf2 Rbxb6 53. Rxb6 Rxb6 54. Rf8 Kh4 0-1

[Event "HUN-chT2 Charousek 0304"]
[Site "Hungary"]
[Date "2004.02.08"]
[Round "7"]
[White "Mika, Janos"]
[Black "Ezsol, Miklos"]
[Result "0-1"]
[WhiteElo "2246"]
[BlackElo "2372"]
[PlyCount "80"]
[EventDate "2003.09.28"]
[EventType "team"]
[EventRounds "11"]
[EventCountry "HUN"]
[SourceTitle "EXT 2005"]
[Source "ChessBase"]
[SourceDate "2004.11.15"]
[SourceVersion "1"]
[SourceVersionDate "2004.11.15"]
[SourceQuality "1"]

1. e4 c6 2. d3 d5 3. Nd2 e5 4. Ngf3 Bd6 5. g3 f5 6. Qe2 Nf6 7. exf5 0-0 8. Bh3 g6 9. 0-0 Re8 10. b3 Bxf5 11. Bxf5 gxf5 12. Bb2 Nbd7 13. Nh4 f4 14. Nf5 Nf8 15. Nh6+ Kg7 16. gxf4 Kxh6 17. fxe5 Bc5 18. d4 Bb4 19. c3 Ba5 20. Qe3+ Kg7 21. exf6+ Qxf6 22. Qg3+ Ng6 23. Kh1 Kh8 24. Ba3 Re2 25. Rad1 Rae8 26. b4 Bd8 27. Nf3 Bc7 28. Ne5 Nxe5 29. dxe5 Bxe5 30. f4 Bxc3 31. Rd3 Bd4 32. Bc1 b6 33. f5 Be5 34. Bg5 Qd6 35. Bf4 Bxf4 36. Qxf4 Qxf4 37. Rxf4 Rxa2 38. Rf1 Ree2 39. Rh3 Rf2 40. Rf3 Rxh2+ 0-1

[Event "HUN-chT2 Charousek 0304"]
[Site "Hungary"]
[Date "2003.12.07"]
[Round "5"]
[White "Jovanovic, Zoran"]
[Black "Ezsol, Miklos"]
[Result "1-0"]
[WhiteElo "2404"]
[BlackElo "2372"]
[PlyCount "97"]
[EventDate "2003.09.28"]
[EventType "team"]
[EventRounds "11"]
[EventCountry "HUN"]
[SourceTitle "EXT 2005"]
[Source "ChessBase"]
[SourceDate "2004.11.15"]
[SourceVersion "1"]
[SourceVersionDate "2004.11.15"]
[SourceQuality "1"]

1. e4 c5 2. Nf3 Nc6 3. Bb5 e6 4. 0-0 Nge7 5. Re1 a6 6. Bxc6 Nxc6 7. d4 cxd4 8. Nxd4 d6 9. Nc3 Be7 10. Nxc6 bxc6 11. Qg4 g6 12. e5 dxe5 13. Rxe5 f6 14. Re1 0-0 15. Qc4 Qe8 16. Bf4 Rf7 17. Na4 e5 18. Be3 Rb8 19. Bc5 Bxc5 20. Qxc5 Qf8 21. b3 Qxc5 22. Nxc5 Rb5 23. Ne4 Rd5 24. c4 Rd4 25. Rad1 Bf5 26. Nc5 Kf8 27. f3 a5 28. g4 Bc8 29. Rxd4 exd4 30. Rd1 h5 31. Rxd4 Ke7 32. h3 hxg4 33. hxg4 Rh7 34. Kg2 g5 35. Ne4 f5 36. gxf5 Bxf5 37. Nxg5 Rg7 38. f4 Bb1 39. Rd2 Kf6 40. Kf3 Re7 41. Rd6+ Kf5 42. Rxc6 Bxa2 43. Ne4 Rxe4 44. Rc5+ Ke6 45. Kxe4 Bxb3 46. Kd4 a4 47. Kc3 Bd1 48. Kb4 Bc2 49. Ra5 1-0

[Event "HUN-chT2 Charousek 0203"]
[Site "Hungary"]
[Date "2003.04.13"]
[Round "11.1"]
[White "Ribli, Zoltan"]
[Black "Ezsol, Miklos"]
[Result "1-0"]
[WhiteElo "2574"]
[BlackElo "2373"]
[PlyCount "75"]
[EventDate "2002.09.22"]
[EventType "team"]
[EventRounds "11"]
[EventCountry "HUN"]
[SourceTitle "EXT 2004"]
[Source "ChessBase"]
[SourceDate "2003.11.25"]
[SourceVersion "1"]
[SourceVersionDate "2003.11.25"]
[SourceQuality "1"]
[WhiteTeam "Szenna Pack"]
[BlackTeam "Gyor Elektromos"]
[WhiteTeamCountry "HUN"]
[BlackTeamCountry "HUN"]

1. Nf3 d5 2. d4 Nf6 3. c4 e6 4. g3 c6 5. Bg2 Bd6 6. 0-0 0-0 7. b3 Nbd7 8. Bb2 Ne4 9. e3 Qe7 10. Ne5 f6 11. Nd3 b6 12. Nd2 Nxd2 13. Qxd2 Ba6 14. Rfc1 Rac8 15. a4 f5 16. a5 b5 17. c5 Bc7 18. f3 Qg5 19. Bc3 h6 20. Re1 Rce8 21. e4 f4 22. gxf4 Qh4 23. Qf2 Qxf2+ 24. Kxf2 Bxf4 25. exd5 cxd5 26. Bh3 Bc8 27. Bxe6+ Rxe6 28. Rxe6 Bxh2 29. Kg2 Bb8 30. Rae1 Nf6 31. Re7 h5 32. Bd2 h4 33. Bf4 Bf5 34. Bxb8 Bxd3 35. Be5 Bf5 36. c6 Nh5 37. c7 g5 38. Bd6 1-0

[Event "HUN-chT2 0102"]
[Site "Hungary"]
[Date "2002.03.24"]
[Round "9"]
[White "Ezsol, Miklos"]
[Black "Tolnai, Tibor"]
[Result "1/2-1/2"]
[WhiteElo "2370"]
[BlackElo "2508"]
[PlyCount "69"]
[EventDate "2001.??.??"]
[EventType "team"]
[EventRounds "11"]
[EventCountry "HUN"]
[SourceTitle "EXT 2004"]
[Source "ChessBase"]
[SourceDate "2003.11.25"]
[SourceVersion "1"]
[SourceVersionDate "2003.11.25"]
[SourceQuality "1"]

1. d4 Nf6 2. Nf3 e6 3. c4 b6 4. g3 Ba6 5. b3 b5 6. cxb5 Bxb5 7. Bg2 Be7 8. 0-0 0-0 9. Ne5 d5 10. Nc3 Ba6 11. Be3 Bb7 12. Rc1 Nbd7 13. Nxd7 Nxd7 14. Na4 Bd6 15. Bf4 a5 16. Re1 Ba6 17. Bxd6 cxd6 18. e4 dxe4 19. Bxe4 Rb8 20. Qc2 Nf6 21. Bf3 Bb5 22. Nc3 g6 23. Nxb5 Rxb5 24. Qc6 Qb8 25. Qa6 Rf5 26. Re3 Qb4 27. Qc4 Rb8 28. Qc7 Qb6 29. Qxb6 Rxb6 30. Rc6 Rxc6 31. Bxc6 Nd5 32. Re2 Ne7 33. Rc2 Kf8 34. a4 Nxc6 35. Rxc6 1/2-1/2

[Event "HUN-chT2 0102"]
[Site "Hungary"]
[Date "2002.03.03"]
[Round "8"]
[White "Orgovan, Sandor"]
[Black "Ezsol, Miklos"]
[Result "1/2-1/2"]
[WhiteElo "2318"]
[BlackElo "2370"]
[PlyCount "85"]
[EventDate "2001.??.??"]
[EventType "team"]
[EventRounds "11"]
[EventCountry "HUN"]
[SourceTitle "EXT 2004"]
[Source "ChessBase"]
[SourceDate "2003.11.25"]
[SourceVersion "1"]
[SourceVersionDate "2003.11.25"]
[SourceQuality "1"]

1. e4 c6 2. d4 d5 3. exd5 cxd5 4. Bd3 Nc6 5. c3 Nf6 6. Bf4 Bg4 7. Qb3 Qd7 8. Nd2 Nh5 9. Be3 e6 10. Bb5 Nf6 11. Ngf3 Bd6 12. Ne5 Qc7 13. f4 0-0 14. 0-0 Bf5 15. Qd1 Ne4 16. Nxe4 Bxe4 17. Bd3 Bxd3 18. Qxd3 f6 19. Nxc6 Qxc6 20. Rae1 Rae8 21. Rf3 Rf7 22. Bf2 f5 23. Bh4 Rc7 24. a3 a6 25. Qf1 Qd7 26. Rfe3 Rc6 27. g3 Qf7 28. Qe2 Bb8 29. Qf3 h6 30. Rf1 b5 31. h3 a5 32. Kh1 b4 33. axb4 axb4 34. Rfe1 bxc3 35. bxc3 Bc7 36. Qe2 Ba5 37. Rc1 Qc7 38. Qf3 Rc8 39. g4 Qf7 40. g5 hxg5 41. Bxg5 g6 42. Bh4 Qh7 43. Be1 1/2-1/2